| 000 | 00843nam a2200217Ii 4500 | ||
|---|---|---|---|
| 003 | JO-AjNU | ||
| 008 | 230605s9999||||xx |||||||||||||| ||und|| | ||
| 017 | _a2021/11/6473 | ||
| 020 | _a978-9957-94-756-9 | ||
| 040 |
_aJO-AjNU _bara _erda _cJO-AjNU |
||
| 041 | _aara | ||
| 050 | 1 | 4 | _aDS154.16 .U5 2021 |
| 100 | 3 |
_aعتوم، أشرف, _eauthor _963697 |
|
| 245 | 0 | 0 | _aالعلاقات الأردنية الأمريكية 1973- 1999 |
| 264 | 3 | 1 | _aعمان: وزارة الثقافه، 2021 |
| 300 |
_a235ص _bاصدارات مئوية الدولة الاردنية 2021 |
||
| 336 |
_atext _btxt _2rdacontent |
||
| 337 |
_aunmediated _bn _2rdamedia |
||
| 338 |
_avolume _bnc _2rdacarrier |
||
| 650 | 4 |
_aالسياسة الخارجية -الأردن-الولايات المتحدة الأمريكية-العلاقات الدولية _963698 |
|
| 999 |
_aA28907 _c32475 _d32475 |
||